Statistics for Overall Top Scorers in FIFA Confederations Cup

Click here to take the quiz!

General Stats

  • This quiz has been taken 39 times
  • The average score is 5 of 13

Answer Stats

GoalsCountryAnswer% Correct
6SpainDavid Villa
76%
8SpainFernando Torres
76%
9BrazilRonaldinho
65%
7Romário
50%
7BrazilAdriano
44%
5Fred
44%
9MexicoCuauhtémoc Blanco
38%
5BrazilLuís Fabiano
29%
5AustraliaJohn Aloisi
21%
5FranceRobert Pirès
21%
5Czech RepublicVladimír Šmicer
18%
5BrazilAlex
12%
6Saudi ArabiaMarzouk Al-Otaibi
9%

Score Distribution

Percentile by Number Answered

Percent of People with Each Score

Your Score History

You have not taken this quiz